Historical Events - Statistics

General Stats
  • This quiz has been taken 38 times
  • The average score is 15 of 20
Answer Stats
Question Answer % Correct
Neil Armstrong becomes the first astronaut to walk on the Moon 1969
100%
Nazi forces invade Poland 1939
97%
The Berlin Wall falls, reuniting West and East Germany after almost 30 years 1989
94%
The US declares independence from Great Britain with the signing of the Declaration 1776
91%
Christopher Columbus "discovers" America but lands in the Bahamas 1492
88%
President Kennedy is assassinated in a Dallas motorcade by Lee Harvey Oswald 1963
88%
Abraham Lincoln is assassinated by John Wilkes Booth at Fords Theater 1865
82%
William of Normandy defeats Harold Godwinson at Hastings 1066
79%
The Wright Brothers, out of Kitty Hawk, NC, successfully fly the first engine powered airplane 1903
79%
The Incan empire falls to the Spanish under Francisco Pizarro, leading to a conquistador victory 1533
76%
Thomas Jefferson purchases the Louisiana territory from France, doubling the size of the US 1803
76%
Julius Caesar is stabbed to death at the Ides of March 44 BC
76%
Washington DC is burned by the British in retaliation of the American fire of Toronto 1814
68%
Leonidas and his outnumbered Spartans battle the mighty Persian army at Thermopylae 480 BC
65%
King John is forced to sign the Magna Carta by rebellious barons 1215
59%
The Protestant Reformation begins when Martin Luther nails his 95 theses in Wittenberg, Germany 1517
56%
The Black Plague enters Europe via ships from Asia 1346
50%
Hernan Cortes' forces take over Tenochtitlan, ending the Aztec empire 1521
50%
Johannes Gutenberg invents the printing press, revolutionizing book production 1450
44%
Henry Hudson discovers the area of New York City and explores the river named after him 1609
41%
No matching quizzes found
Score Distribution
Percent of People with Each Score
Percentile by Number Answered
Your Score History
You have not taken this quiz